| 000 | 00335nam a22001337a 4500 | ||
|---|---|---|---|
| 008 | 171024b xxu||||| |||| 00| 0 eng d | ||
| 020 | _a9780471513537 | ||
| 041 | _aeng | ||
| 080 |
_25 ED _a311 |
||
| 100 | _a55 | ||
| 101 | _aSTA | ||
| 245 |
_aINTRODUCTORY STATISTICS FOR BUSINESS AND ECONOMICS _cWONNACOTT.TH.H |
||
| 942 |
_2udc _cBK |
||
| 999 |
_c35643 _d35643 |
||